000 00946pam a2200265 a 4500
999 _c23214
_d23214
001 2843104
003 ARRUPE
005 20170614111242.0
008 840824s1985 wiuab b s001 0 eng
010 _a 84040147
020 _a0299095207 :
_c$35.00
040 _aDLC
_cDLC
_dDLC
043 _af-cx---
050 0 0 _aDT546.39.D37
_bC67 1985
082 0 0 _a967/.41
_219
100 1 _aCordell, Dennis D.,
_d1947-
_932612
245 1 0 _aDar al-Kuti and the last years of the trans-Saharan slave trade /
_cDennis D. Cordell.
260 _aMadison, Wis. :
_bUniversity of Wisconsin Press,
_c1985.
300 _axvii, 283 p. :
_bill., maps ;
_c24 cm.
500 _aIncludes index.
504 _aBibliography: p. 246-268.
650 0 _aSlave-trade
_zCentral African Republic
_zDar-al-Kuti.
_932613
651 0 _aDar-al-Kuti (Central African Republic)
_xHistory.
_932614
906 _a7
_bcbc
_corignew
_d1
_eocip
_f19
_gy-gencatlg
942 _2lcc
_cMONOGRAPH